000 00557nam a22001817a 4500
005 20251108165800.0
008 250721s1985 xx 000 0 ara d
082 1 4 _aم/415.03/لبد
100 1 _aاللبدي، محمد سمير نجيب
245 1 0 _aمعجم المصطلحات النحوية والصرفية /
264 1 _aبيروت :
_bمؤسسة الرسالة،
_c1985.
300 _a278ص.
650 1 7 _aاللغة العربية
650 1 7 _aالنحو والصرف
650 1 7 _aالقواميس
942 _2ddc
_cREF
999 _c31165
_d31165